000 01262nam0a22002771 4500
001 rc\3776144
005 20120127164324.3
021 _aRU
_b75-81312
021 _aRU
_bРг14816-75
035 _a(NLR Aleph) 007223595
090 _a7705282
_c7705282
100 _a20120127d1975 |||y0rusy50 ca
101 0 _arus
102 _aRU
105 _ay z |||||
200 1 _aУчастие комсомола в борьбе за выполнение ленинградского плана построения социализма в СССР
_e(Из опыта работы комсомола Нижнего Поволжья в годы предвоенных пятилеток)
_eВ помощь пропагандистам школ комс.-полит. просвещения
_fДом полит. просвещения обкома КПСС. Обл. ком. ВЛКСМ
210 _aСаратов
_cБ. и.
_d1975
215 _a24 с.
_d20
320 _aБиблиогр.: с. 23-24
700 1 _aДинес
_bВ. А.
_gВладимир Александрович
701 1 _aМаруцкий
_bЭ. С.
_gЭдуард Сергеевич
801 0 _aRU
_bNLR
_gpsbo
801 1 _aRU
_bELAR
_2rusmarc
852 _aNLR
_j75-4/20099
942 _cBOOK
980 _aNB